[Event "ALG-ch U20"]
[Site "Tiaret"]
[Date "2019.06.28"]
[Round "7"]
[White "Bakouche, Mahmoud"]
[Black "Amrane, Tarek"]
[Result "1-0"]
[WhiteElo "1601"]
[BlackElo "1312"]
[PlyCount "89"]
[EventDate "2019.06.26"]
[EventType "swiss"]
[EventRounds "9"]
[EventCountry "ALG"]
[SourceTitle "EXT 2020"]
[Source "ChessBase"]
[SourceDate "2019.10.17"]
[SourceVersion "1"]
[SourceVersionDate "2019.10.17"]
[SourceQuality "1"]

1. e4 e6 2. d4 d5 3. exd5 exd5 4. Bd3 Bd6 5. Nf3 Nc6 6. c3 h6 7. Be3 Be6 8. Nbd2 Nge7 9. b4 Nf5 10. Qc2 Qd7 11. Nb3 0-0 12. 0-0 b6 13. Bd2 Nce7 14. g4 Nxd4 15. Nfxd4 Bxg4 16. f4 h5 17. Nb5 Bh3 18. Rf3 Nc8 19. Nxd6 Nxd6 20. f5 Bg4 21. Rf2 Rae8 22. f6 Bh3 23. fxg7 Kxg7 24. Kh1 Rg8 25. Rg1+ Kh8 26. Rxg8+ Rxg8 27. Be3 f6 28. Bd4 Ne8 29. Bf5 Bxf5 30. Qxf5 Qe7 31. Bxf6+ Nxf6 32. Qxf6+ Qxf6 33. Rxf6 Rg5 34. Rf7 Rg7 35. Rxg7 Kxg7 36. Kg2 Kf6 37. Kf3 Ke5 38. Nd4 c5 39. bxc5 bxc5 40. Nc6+ Kf5 41. Nxa7 d4 42. cxd4 cxd4 43. Nb5 Ke5 44. h4 d3 45. Ke3 1-0